书目信息 |
| 题名: |
计算尺使用法
|
|
| 作者: | 赫颖举 编著 | |
| 分册: | ||
| 出版信息: | 北京 人民邮电出版社 1964 |
|
| 页数: | 97页 | |
| 开本: | 19cm | |
| 丛书名: | ||
| 单 册: | ||
| 中图分类: | O1-8 | |
| 科图分类: | ||
| 主题词: | 计算尺--应用 | |
| 电子资源: | ||
| ISBN: | 15045.总509-有80 | |
| 000 | 00619nam0 2200229 450 | |
| 001 | 0164007899 | |
| 005 | 20020928000000.0 | |
| 010 | @a15045.总509-有80@dCNY0.38 | |
| 091 | @a15045.总509-有80 | |
| 100 | @a19960122d1964 em y0chiy0110 ea | |
| 101 | 0 | @achi |
| 102 | @aCN@b110000 | |
| 105 | @afk z 000yy | |
| 106 | @ar | |
| 200 | 1 | @a计算尺使用法@9Ji Suan Chi;Che Shi Yong Fa @f赫颖举编著 |
| 210 | @a北京@c人民邮电出版社@d1964 | |
| 215 | @a97页@c图表@d19cm | |
| 606 | 0 | @a计算尺@x应用 |
| 690 | @aO1-8@v3 | |
| 701 | 0 | @a赫颖举@9he ying ju@4编著 |
| 801 | 0 | @aCN@b91MARC@c20210624 |
| 905 | @aBZT@dO1-8@e1@f2@sO1-8/1 | |
| 计算尺使用法/赫颖举编著.-北京:人民邮电出版社,1964 |
| 97页:图表;19cm |
| ISBN 15045.总509-有80:CNY0.38 |
| ● |
| 相关链接 |
|
|
|
正题名:计算尺使用法
索取号:O1-8/1
 
预约/预借
| 序号 | 登录号 | 条形码 | 馆藏地/架位号 | 状态 | 备注 |
| 1 | 2000142825 | 2000142825 | 旧书回溯/ [索取号:O1-8/1] | 在馆 | |
| 2 | 2000142826 | 2000142826 | 旧书回溯/ [索取号:O1-8/1] | 在馆 |